000 00469nam a2200157 i 4500
001 59337
003 ES-MaACL
005 20230906164020.0
007 t|
008 031028m19531955sp a e |||| | spa d
245 0 0 _aEnciclopedia Uteha para la juventud.
260 _aBarcelona :
_bMontaner y Simón,
_c[1953-1955] (
_fClarasó)
300 _a8 v. :
_bil. col. y n. ;
_c27 cm.
650 _aEnciclopedias infantiles y juveniles.
_9156655
852 _aES-MaACL
_jC-13671-78
999 _c59337
_d59337